...Ready for it? - Taylor Swift Lyrics - Statistics

General Stats
  • This quiz has been taken 26 times
  • The average score is 383 of 457
Answer Stats
Answer % Correct
a
100%
an
100%
and
100%
first
100%
he
100%
I
100%
saw
100%
that
100%
time
100%
him
95%
how
95%
is
95%
man
95%
never
95%
then
95%
was
95%
are
90%
be
90%
do
90%
do)
90%
down
90%
for
90%
go
90%
(go)
90%
gon'
90%
island
90%
me
90%
my
90%
(my
90%
no
90%
(no
90%
of
90%
see
90%
so
90%
ta
90%
the
90%
(the
90%
this
90%
to
90%
we
90%
(we
90%
you
90%
you'll
90%
alone
86%
baby
86%
(baby)
86%
but
86%
dreams
86%
dreams)
86%
girls
86%
gonna
86%
i'm
86%
in
86%
it
86%
killer
86%
know
86%
know)
86%
low
86%
(low)
86%
many
86%
middle
86%
night
86%
night)
86%
(night)
86%
one
86%
ready
86%
sayin'
86%
sorry
86%
take
86%
things
86%
touch
86%
with
86%
can
81%
ghost
81%
had
81%
has
81%
he's
81%
if
81%
left
81%
let
81%
taylor
81%
act
76%
begin
76%
better
76%
haunted
76%
like
76%
phantom
76%
should
76%
such
76%
than
76%
all
71%
breeze
71%
exes
71%
hearts
71%
Knew
71%
knew
71%
lights
71%
nothin'
71%
now
71%
runnin'
71%
some
71%
boys
67%
forever
67%
hard
67%
holdin'
67%
keep
67%
love
67%
move
67%
ransom
67%
robber
67%
same
67%
stealin'
67%
too
67%
try
67%
tryin'
67%
vendetta
67%
games
62%
heist
62%
join
62%
loved
62%
off
62%
oh
62%
though
62%
very
62%
younger
62%
forget
57%
thief
57%
we'll
57%
wondered
57%
don't
52%
names
52%
their
52%
burton
48%
failure
48%
jailer
48%
tame
48%
(yeah)
48%
ah
43%
at
43%
every
43%
comparison
38%
his
38%
i've
38%
known
38%
mmm
38%
(mmm)
38%
iland
10%
being
5%
inthe
5%
No matching quizzes found
Score Distribution
Percent of People with Each Score
Percentile by Number Answered
Your Score History
You have not taken this quiz